Feeding values for poultry

שמור ב:
מידע ביבליוגרפי
מחבר ראשי: janssen, Ir. W. M. M. A.
פורמט: ספר
שפה:Undetermined
יצא לאור: Beekbergen 1972
נושאים:
תגים: הוספת תג
אין תגיות, היה/י הראשונ/ה לתייג את הרשומה!
Thư viện lưu trữ: Trung tâm Học liệu Trường Đại học Cần Thơ
LEADER 00466nam a2200169Ia 4500
001 CTU_126183
008 210402s9999 xx 000 0 und d
082 |a 636.5 
082 |b J35 
100 |a janssen, Ir. W. M. M. A. 
245 0 |a Feeding values for poultry 
245 0 |c Ir. W. M. M. A. janssen, Drs. K. terpstra 
260 |a Beekbergen 
260 |c 1972 
650 |a Poultry 
904 |i Nguyên 
980 |a Trung tâm Học liệu Trường Đại học Cần Thơ